Komparácia úverov na bývanie v podmienkach Slovenskej a Českej republiky diplomová práca

Enregistré dans:
Détails bibliographiques
Auteur principal: Šimončíková, Soňa
Collectivité auteur: Národohospodárska fakulta EU. Katedra bankovníctva a medzinárodných financií
Autres auteurs: Pilch, Ctibor, 1957-
Format: Livre
Langue:slovaque
Publié: Bratislava 2022
Tags: Ajouter un tag
Pas de tags, Soyez le premier à ajouter un tag!

MARC

LEADER 00000nbm a2200000 4500
001 0284104
005 20221007144302.7
041 0 |a slo 
044 |a SK 
245 1 0 |a Komparácia úverov na bývanie v podmienkach Slovenskej a Českej republiky  |b diplomová práca  |c Soňa Šimončíková ; školiteľ: Ctibor Pilch 
264 1 |a Bratislava  |c 2022 
300 |a 72 s. 
100 1 |a Šimončíková, Soňa 
700 1 |a Pilch, Ctibor, 1957- 
710 2 |a Národohospodárska fakulta EU. Katedra bankovníctva a medzinárodných financií